|
|
|
|
| LEADER |
00000nam a2200000 i 4500 |
| 001 |
115721 |
| 003 |
CZ ZlUTB |
| 005 |
20260528084359.0 |
| 007 |
ta |
| 008 |
260528t20252025xxua e p 001 0 eng d |
| 020 |
|
|
|a 978-1-265-23610-6
|q (brožováno)
|
| 040 |
|
|
|a ZLD002
|b cze
|e rda
|
| 072 |
|
7 |
|a 33
|x Ekonomie
|2 Konspekt
|9 4
|
| 072 |
|
7 |
|a 37.016
|x Učební osnovy. Vyučovací předměty. Učebnice
|2 Konspekt
|9 22
|
| 080 |
|
|
|a 33
|2 MRF
|
| 080 |
|
|
|a 330.101.541
|2 MRF
|
| 080 |
|
|
|a 339.5
|2 MRF
|
| 080 |
|
|
|a 330.101.542
|2 MRF
|
| 080 |
|
|
|a (075.8)
|2 MRF
|
| 100 |
1 |
|
|a Schiller, Bradley R.,
|d 1943-
|7 jn19990007600
|4 aut
|
| 245 |
1 |
0 |
|a Essentials of economics /
|c Bradley R. Schiller, Karen Gebhardt with Christopher D. Blake
|
| 250 |
|
|
|a 2025 release
|
| 264 |
|
1 |
|a New York :
|b McGraw Hill,
|c [2025]
|
| 264 |
|
4 |
|c ©2025
|
| 300 |
|
|
|a xxviii, 384 stran :
|b barevné ilustrace ;
|c 28 cm
|
| 336 |
|
|
|a text
|b txt
|2 rdacontent
|
| 337 |
|
|
|a bez média
|b n
|2 rdamedia
|
| 338 |
|
|
|a svazek
|b nc
|2 rdacarrier
|
| 500 |
|
|
|a Terminologický slovník
|
| 504 |
|
|
|a Obsahuje bibliografické odkazy a rejstřík
|
| 650 |
0 |
7 |
|a ekonomie
|7 ph114430
|2 czenas
|
| 650 |
0 |
7 |
|a makroekonomie
|7 ph115205
|2 czenas
|
| 650 |
0 |
7 |
|a mezinárodní obchod
|7 ph115283
|2 czenas
|
| 650 |
0 |
7 |
|a mikroekonomie
|7 ph115305
|2 czenas
|
| 650 |
0 |
9 |
|a economics
|2 eczenas
|
| 650 |
0 |
9 |
|a macroeconomics
|2 eczenas
|
| 650 |
0 |
9 |
|a international trade
|2 eczenas
|
| 650 |
0 |
9 |
|a microeconomics
|2 eczenas
|
| 655 |
|
7 |
|a učebnice vysokých škol
|7 fd133772
|2 czenas
|
| 655 |
|
9 |
|a textbooks (higher)
|2 eczenas
|
| 700 |
1 |
|
|a Gebhardt, Karen
|7 utb20201067420
|4 aut
|
| 700 |
1 |
|
|a Blake, Christopher D.
|4 aut
|
| 710 |
2 |
|
|a McGraw-Hill
|4 pbl
|
| 910 |
|
|
|a ZLD002
|
| 942 |
|
|
|2 udc
|
| 952 |
|
|
|0 0
|1 0
|4 0
|6 33SCHILLERBR
|7 -1
|8 BOOK
|9 191331
|a UTBZL
|b UTBZL
|c 006
|d 2026-05-28
|l 0
|o 33/SCHILLER,B.R.
|p 420010202196
|r 2026-05-28 08:44:47
|v 1117.00
|w 2026-05-28
|x N:nákup
|y 04
|
| 952 |
|
|
|0 0
|1 0
|4 0
|6 33SCHILLERBR
|7 -1
|8 BOOK
|9 191332
|a UTBZL
|b UTBZL
|c 005
|d 2026-05-28
|l 0
|o 33/SCHILLER,B.R.
|p 420010202195
|r 2026-05-28 08:45:10
|v 1117.00
|w 2026-05-28
|x N:nákup
|y 01
|
| 992 |
|
|
|a BK
|b SKNEW
|
| 999 |
|
|
|c 115721
|d 115721
|